MARC

LEADER 00000nas a2200000 a 4500
001 ssj0000402923
003 WaSeSS
005 20200512172242.0
006 m d
007 cr n
008 100420c20029999fr ar s s i0 0eng c
010 |a  2010262059  |z  2010262057 
022 |a 1999-1029  |y 1995-3909 
035 |a (WaSeSS)ssj0000402923 
040 |a OCLCE  |b eng  |c OCLCE  |d CGU  |d UMC  |d WAU  |d OCLCQ  |d OCLCA  |d OCLCF  |d OCLCQ  |d OCLCO  |d VT2  |d OCLCQ  |d OCLCA  |d U3W  |d OCLCO  |d CS1  |d FIE  |d OCLCO  |d OCLCA  |d WaSeSS 
042 |a dlr  |a pcc 
043 |a f------ 
050 4 |a HC800.A1  |b A35625 
245 0 0 |a African economic outlook  |h [electronic resource]. 
246 1 |i Issue for 2009 also has title:  |a African economic outlook, overview 
260 |a Paris, France :  |b African Development Bank :  |b Development Centre of the Organisation for Economic Co-operation and Development,  |c ©2002- 
310 |a Annual 
362 0 |a 2001/2002- 
506 |a License restrictions may limit access. 
538 |a Master and use copy. Digital master created according to Benchmark for Faithful Digital Reproductions of Monographs and Serials, Version 1. Digital Library Federation, December 2002.  |u http://purl.oclc.org/DLF/benchrepro0212  |5 MiAaHDL 
583 1 |a digitized  |c 2010  |h HathiTrust Digital Library  |l committed to preserve  |2 pda  |5 MiAaHDL 
588 |a Description based on: 2001/2002; title from PDF title page (OECDiLibrary, viewed July 5, 2011). 
588 |a Latest issue consulted: 2011 (OECDiLibrary, viewed July 5, 2011). 
648 7 |a Since 1960  |2 fast 
650 7 |a Economic history.  |2 fast  |0 (OCoLC)fst00901974 
650 7 |a Economic policy.  |2 fast  |0 (OCoLC)fst00902025 
650 1 7 |a Economische situatie.  |2 gtt 
650 7 |a Wirtschaftsentwicklung  |2 gnd 
650 7 |a Wirtschaftslage.  |2 stw 
650 7 |a Afrika.  |2 stw 
651 0 |a Africa  |x Economic conditions  |y 1960-  |v Periodicals. 
651 0 |a Africa  |x Economic policy  |v Periodicals. 
651 0 |a Africa  |x Economic conditions  |y 1960-  |v Statistics  |v Periodicals. 
651 7 |a Africa.  |2 fast  |0 (OCoLC)fst01239509 
651 7 |a Afrika  |2 gnd 
655 0 |a Electronic journals. 
710 2 |a African Development Bank. 
710 2 |a Organisation for Economic Co-operation and Development.  |b Development Centre. 
775 0 8 |i Also issued in French as:  |t African economic outlook. French. Perspectives économiques en Afrique 
776 0 8 |i Print version:  |t African economic outlook  |w (DLC) 2002242033  |w (OCoLC)49280667 
787 0 |t African economic outlook. Country notes  |w (DLC) 2010262056  |w (OCoLC)613220414 
856 4 0 |z Full text available from Research Library: 01/01/2012 to 6 months ago  |u https://search.proquest.com/publication/2026435